En busca de la Edad Media

Salvato in:
Dettagli Bibliografici
Autore principale: Le Goff, Jacques (Autore)
Natura: Libro
Lingua:spagnolo
Pubblicazione: Barcelona Paidós 2003
Serie:Paidós Orígenes
Soggetti:
Tags: Aggiungi Tag
Nessun Tag, puoi essere il primo ad aggiungerne!!

MARC

LEADER 00000nam a2200000 a 4500
001 UCL8141
003 CL-VaPUC
008 040611e20030000SP |||||||||||||||||spa|d
020 |a 8449314771 
082 0 4 |a 940.1  |b LEG  |2 21 
100 |a Le Goff, Jacques  |e author  |9 322549 
245 1 0 |a En busca de la Edad Media 
300 |a 157 p 
942 |c BK 
945 |d 20040611 00:00:00  |a cmena 
260 |a Barcelona  |b Paidós  |c 2003 
650 0 |a Edad media  |9 258041 
650 0 |a Civilización medieval   |9 265320 
650 0 |a Cultura  |9 269059 
650 0 |a Historia medieval   |9 258042 
583 |a last modification  |c 20040611 00:00:00  |k Rodrigo Vera 
490 0 |a Paidós Orígenes 
999 |c 309592  |d 309590 
952 |0 0  |1 0  |4 0  |6 940_100000000000000_LEG_2003  |7 0  |8 A  |9 377120  |a BIBHIS  |b BIBHIS  |d 2019-11-21  |i 4024095  |l 4  |m 1  |o 940.1 LEG 2003  |p 4024095  |r 2025-03-17  |s 2025-03-17  |w 2019-11-21  |y BK  |k HIS